| 000 | 00748nam a2200217Ii 4500 | ||
|---|---|---|---|
| 003 | JO-AjNU | ||
| 008 | 230605s9999||||xx |||||||||||||| ||und|| | ||
| 017 | _a35087 | ||
| 040 |
_aJO-AjNU _bara _erda _cJO-AjNU |
||
| 041 | _aara | ||
| 050 | 1 | 4 | _aDS119.7.S2454 1996 |
| 100 | 3 |
_aتاليف ابو اياد، صلاج خلف؛ تحرير وتصويب أبو حجلة، فؤاد, _eauthor _99337 |
|
| 245 | 0 | 0 | _aفلسطيني بلا هوية |
| 250 | _aط2 مزيدة ومنقحة | ||
| 264 | 3 | 1 | _aعمان: دار الجليل للنشر، 1996 |
| 300 | _a302ص | ||
| 336 |
_atext _btxt _2rdacontent |
||
| 337 |
_aunmediated _bn _2rdamedia |
||
| 338 |
_avolume _bnc _2rdacarrier |
||
| 650 | 4 |
_aفلسطين- تاريخ - تحدي السلام _99338 |
|
| 999 |
_aA1247 _c4815 _d4815 |
||